|
|
|
|
| LEADER |
00000nab a2200000 a 4500 |
| 001 |
vtls000735927 |
| 003 |
SK-MaSNL |
| 005 |
20260426082313.0 |
| 008 |
250429c2000 xo 0 slo |
| 015 |
|
|
|a SNBRB2000/10-26388
|
| 035 |
|
|
|a CLN000087794
|
| 035 |
|
|
|a urn:nbn:sk:snk-abahfk
|
| 035 |
|
|
|a (urnnbn)urn:nbn:sk:snk:ar-008bux
|
| 035 |
|
|
|a (uuid)526faaa2-c61a-4550-a65c-a636aebbf80a
|
| 040 |
|
|
|a SNKBUCL
|b slo
|c SNKBUCL
|e AACR2
|
| 041 |
0 |
|
|a slo
|
| 044 |
|
|
|a xo
|c SK
|
| 080 |
|
|
|a 800.6:808.54
|2 1981
|
| 080 |
|
|
|a 808.54-06
|2 1981
|
| 080 |
|
|
|a 342.725(437.6)
|2 1981
|
| 245 |
0 |
0 |
|a Jazyk je zrkadlo kultúrnosti
|c Daniela Števčeková ... [et al.]
|
| 300 |
|
|
|b Fotogr.
|
| 650 |
0 |
7 |
|a slovenčina
|2 snkbucl
|9 1350
|
| 650 |
0 |
7 |
|a jazyková kultúra
|2 snkbucl
|9 1395
|
| 650 |
0 |
7 |
|a štátny jazyk
|2 snkbucl
|9 19393
|
| 650 |
0 |
7 |
|a jazykové zákony
|2 snkbucl
|9 836898
|
| 651 |
|
7 |
|a Slovensko
|2 snkbucl
|9 14231
|
| 700 |
1 |
|
|a Števčeková, Daniela
|4 aut
|9 9993
|
| 700 |
1 |
|
|a Ondrejovič, Slavomír,
|d 1946-
|4 aut
|9 92874
|
| 700 |
1 |
|
|a Findra, Ján,
|d 1934-2019
|4 aut
|9 187447
|
| 700 |
1 |
|
|a Kačala, Ján,
|d 1937-
|4 aut
|9 89383
|
| 700 |
1 |
|
|a Považaj, Matej,
|d 1942-
|4 aut
|9 86590
|
| 773 |
0 |
|
|t Literárny týždenník
|g Roč. 13, č. 23 (2000), s. 4-5
|x 0862-5999
|
| 850 |
|
|
|a Slovenská národná knižnica
|
| 852 |
|
|
|a Slovenská národná knižnica
|
| 954 |
|
|
|a odborná, vedecká literatúra pôvodná (slovenská)
|2 lita
|
| 958 |
|
|
|a article14
|
| 958 |
|
|
|a OND
|
| 958 |
|
|
|a EUIPO
|
| 999 |
|
|
|c 2869934
|d 2871864
|